<?xml version="1.0" encoding="UTF-8"?>
<record
    xmlns:xsi="http://www.w3.org/2001/XMLSchema-instance"
    xsi:schemaLocation="http://www.loc.gov/MARC21/slim http://www.loc.gov/standards/marcxml/schema/MARC21slim.xsd"
    xmlns="http://www.loc.gov/MARC21/slim">

  <leader>01644    a2200253   4500</leader>
  <controlfield tag="001">49783</controlfield>
  <controlfield tag="005">20260407155758.0</controlfield>
  <controlfield tag="008">260407a1996    arg                 spa d</controlfield>
  <controlfield tag="003">AR-UNSa-BCEJYS</controlfield>
  <datafield tag="040" ind1=" " ind2=" ">
    <subfield code="a">AR-UNSa-BCEJYS</subfield>
    <subfield code="b">spa</subfield>
    <subfield code="c">AR-UNSa-BCEJYS</subfield>
  </datafield>
  <datafield tag="080" ind1=" " ind2=" ">
    <subfield code="a">504.064</subfield>
    <subfield code="x">Control de la calidad del medio ambiente. Control de la contaminaci&#xF3;n (Tratamiento de desechos( residuos). Reciclaje ) </subfield>
  </datafield>
  <datafield tag="245" ind1="1" ind2="0">
    <subfield code="a">Gesti&#xF3;n de residuos t&#xF3;xicos</subfield>
    <subfield code="p">tratamiento, eliminaci&#xF3;n y recuperaci&#xF3;n de suelos</subfield>
  </datafield>
  <datafield tag="020" ind1=" " ind2=" ">
    <subfield code="a">84-481-0712-8</subfield>
  </datafield>
  <datafield tag="264" ind1=" " ind2="1">
    <subfield code="a">Madrid :</subfield>
    <subfield code="b">McGraw-Hill</subfield>
    <subfield code="c">1996</subfield>
  </datafield>
  <datafield tag="300" ind1=" " ind2=" ">
    <subfield code="a">xxix, 1316 p.</subfield>
    <subfield code="c">25 cm.</subfield>
  </datafield>
  <datafield tag="505" ind1=" " ind2=" ">
    <subfield code="a">PARTE I: Fundamentos: 1. Residuos t&#xF3;xicos - 2. El procedimiento regulador - 3. Procesos fundamentales - 4. Destino y transporte de sustancias contaminantes - 5. Toxicolog&#xED;a - PARTE II: Pr&#xE1;cticas habituales de gesti&#xF3;n: 6. Auditorias medioambientales - 7. Prevenci&#xF3;n de la contaminaci&#xF3;n - 8. Desarrollo y operatividad de las instalaciones - PARTE III: M&#xE9;todos de tratamiento y eliminaci&#xF3;n - 10. M&#xE9;todos biol&#xF3;gicos - 11. Estabilizaci&#xF3;n y solidificaci&#xF3;n - 12. M&#xE9;todos t&#xE9;rmicos - 13. Disposici&#xF3;n en el terreno - PARTE IV: Recuperaci&#xF3;n del emplazamiento: 14. Valoraci&#xF3;n cuantitativa del riesgo - 15. Caracterizaci&#xF3;n del emplazamiento y del subsuelo - 16. Confinamiento - 17. An&#xE1;lisis de alternativas de recuperaci&#xF3;n. </subfield>
  </datafield>
  <datafield tag="041" ind1=" " ind2=" ">
    <subfield code="a">spa</subfield>
  </datafield>
  <datafield tag="942" ind1=" " ind2=" ">
    <subfield code="c">BK</subfield>
  </datafield>
  <datafield tag="590" ind1=" " ind2=" ">
    <subfield code="a">niveau_biblio:m niveau_hierar:0</subfield>
  </datafield>
  <datafield tag="100" ind1="1" ind2=" ">
    <subfield code="a">LaGrega, Michael D.</subfield>
  </datafield>
  <datafield tag="700" ind1="1" ind2=" ">
    <subfield code="a">Buckingham, Phillip L.</subfield>
  </datafield>
  <datafield tag="700" ind1="1" ind2=" ">
    <subfield code="a">Evans, Jeffrey C.</subfield>
  </datafield>
  <datafield tag="856" ind1="4" ind2="1">
    <subfield code="u">https://www.biblioeco.unsa.edu.ar/pmb/images/libros/L128174.jpg</subfield>
    <subfield code="y">Imagen de portada</subfield>
    <subfield code="q">image/jpeg</subfield>
  </datafield>
  <datafield tag="999" ind1=" " ind2=" ">
    <subfield code="c">4878</subfield>
    <subfield code="d">4878</subfield>
  </datafield>
  <datafield tag="952" ind1=" " ind2=" ">
    <subfield code="0">0</subfield>
    <subfield code="1">0</subfield>
    <subfield code="4">0</subfield>
    <subfield code="7">0</subfield>
    <subfield code="a">BCEJYS</subfield>
    <subfield code="b">BCEJYS</subfield>
    <subfield code="c">16</subfield>
    <subfield code="d">2026-04-07</subfield>
    <subfield code="l">0</subfield>
    <subfield code="o">504.064 L179</subfield>
    <subfield code="p">L128174</subfield>
    <subfield code="r">2026-04-07 15:57:58</subfield>
    <subfield code="w">2026-04-07</subfield>
    <subfield code="y">L</subfield>
  </datafield>
</record>
